Sborová škola pre dychovú hudbu. [4], Klarinet I.B

Hlavní autor: Pádivý, Karol, 1908-1965
Jazyk: Nelze použít, není lingvistický obsah
Vydáno: Martin : Osveta, 1953
Fyzický popis: 55 s. + 2 příl.
Hudebniny Hudebniny
Uloženo v:
LEADER 00810ncm a22002172a 4500
001 001191118
003 CZ BrMZK
005 20120402144957.0
007 qu
008 120124s1953 xo |||||||||||||||||zxx d
040 |a BOA001  |b cze 
072 7 |a 786/789  |x Hudba pro jednotlivé nástroje  |2 Konspekt  |9 9 
100 1 |a Pádivý, Karol,  |d 1908-1965  |7 jk01091485  |4 aut 
245 1 0 |a Sborová škola pre dychovú hudbu.  |n [4], Klarinet I.B  |h [hudebnina] /  |c Karol Pádivý 
260 |a Martin :  |b Osveta,  |c 1953 
300 |a 55 s. +  |e 2 příl. 
910 |a BOA001  |b Mus4-0327.475,4 
990 |a MU 
991 |b 201201 
996 7 |b 2619590234  |c Mus4-0327.475,4  |l MZK  |r Sklad / do 1 hodiny  |n 0  |w 001224567  |u 000020  |a 1  |e BOA001  |j MZK50  |s A 
996 7 |b 2619590235  |c Mus4-0327.475,4  |l MZK  |r Sklad / do 1 hodiny  |n 0  |w 001224567  |u 000010  |a 1  |e BOA001  |j MZK50  |s A